Представление документа в формате RUSMARC

ПолеНазваниеЗначение
  Тип записи a
  Библиографический уровень m
001 Контрольный номер RU/ГПНТБ России/KNIGADB/84(2=411.2)6/П 12-352956800
005 Дата корректировки 20201206205216.3
010 Индекс ISBN __
a ISBN 978-5-6040082-5-6 (в пер.)
d Цена 812-00, 3000 экз.
100 Данные общей обработки __
a Данные общей обработки 19191125d2018 |||y0rusy0189 ca
101 Язык документа 0_
a Язык текста rus
102 Страна публикации __
a Страна публикации RU
102 Страна публикации __
a Страна публикации RU
105 Кодированные данные (монография) __
a Кодированные данные (монография) с||||||||||zy
200 Заглавие и сведения об ответственности 1_
a Заглавие Стеклобой
e Сведения, относящиеся к заглавию [интеллектуальный роман]
f Первые сведения об ответственности Ольга Паволга, Михаил Перловский
b Общее обозначение материала Текст
210 Выходные данные __
a Место издания Москва
c Издательство Livebook
d Дата издания 2018
215 Физическое описание __
a Объем 460, [3] с.
c Иллюстрации/тип воспроизводства портр.
d Формат 21 см
225 Серия __
a Серия Интеллектуальный роман
330 Аннотация __
a Аннотация Как мелкий жулик, случайно угодив в городок Малые Вишеры, в одночасье стал классиком русской литературы? Почему в городе запрещено мыть окна? Зачем соседи воруют трехцветных котят? Историк из северной столицы Митя Романов бросает все и приезжает в городок, чтобы написать в заветном бланке регистрации: "Хочу стать ректором университета". Врет, место ректора ему не нужно.
333 Примечание о целевом назначении __
a Примечание о целевом назначении 16+. Для детей старше 16 лет
606 Тематические рубрики __
a Основная рубрика Художественная литература
606 Тематические рубрики __
a Основная рубрика Современная русская литература (произведения)
z Хронологическая подрубрика 21 в.
610 Ключевые слова __
a Ключевые слова современная проза
610 Ключевые слова __
a Ключевые слова романы
610 Ключевые слова __
a Ключевые слова тема мечты
610 Ключевые слова __
a Ключевые слова тема судьбы
610 Ключевые слова __
a Ключевые слова тема поиска
610 Ключевые слова __
a Ключевые слова тема мистики
610 Ключевые слова __
a Ключевые слова приключения
610 Ключевые слова __
a Ключевые слова тема приключений
610 Ключевые слова __
a Ключевые слова магический реализм
686 Индексы других классификаций __
2 Код системы rubbks
a Классификационный индекс 84(2=411.2)6-4; ст84(2=411.2)6-4
700 Автор _1
a Фамилия Паволга
b Имя О.
f Даты 1977-
g Полное личное имя Ольга
4 Код отношения 070
701 Альтернативная интеллектуальная ответственность _1
a Фамилия Перловский
b Имя М.
f Даты 1977-
g Полное личное имя Михаил
4 Код отношения 070
801 Источник записи _0
a Страна RU
b Организация ГПНТБ России
c Дата составления 20191125
g Правила каталогизации PSBO
801 Источник записи _2
a Страна RU
b Организация Муниципальное бюджетное учреждение культуры "Централизованная библиотечная система" г. Сургут (Центральная городская библиотека им. А. С. Пушкина)
c Дата составления 20191125
852 Данные о местонахождении __
j Шифр хранения 84(2=411.2)6-4
i Авторский знак П 12
901 Тип документа __
a Ответственный ООФиК/Волкова
t Тип документа m
903 Характеристики (МАРС) __
a Дата передачи 20191125
990 Данные о заказе (DOS) __
j Количество экземпляров (DOS) 9
t N записи в КСУ для И/У (DOS) 201911